000 00494 a2200169 4500
003 OSt
005 20250610120814.0
008 250531b |||||||| |||| 00| 0 eng d
020 _a9789352605248
040 _coclc
082 _a005.133
_bACH/D
100 1 _aAcharya, Seema
_910574
245 _aData analytics using R /
_cSeema Acharya
260 _aChennai:
_bMcGraw Hill Education,
_c2018.
300 _a555 pages
942 _2ddc
_cBK
_h005.133
_iACH/D
_k005.133
_mACH/D
999 _c44525
_d44525